| 000 | 01232cam a2200169ua 4500 | ||
|---|---|---|---|
| 020 | _cRe 1.00 | ||
| 041 |
_aeng _h |
||
| 082 |
_a307.72 _bKHA/RE |
||
| 110 | 1 |
_aKhadi and Village Industries Commission . _bKVIS _c(Mumbai ) |
|
| 245 |
_aReport of the evaluation committee / _cKhadi and Village Industries Commission. _hTextual Documents |
||
| 260 |
_aMumbai : _bKhadi and Village Industries Commission , _c1958. |
||
| 300 | _a219 ; . | ||
| 365 | _aRe 1.00 | ||
| 504 | _a | ||
| 942 | _cBK | ||
| 999 |
_c1872 _d1872 |
||